Zgony w każdej części Harrego Pottera - Statystyki

Ogólne statystyki
  • Ten quiz został rozwiązany 64 razy
  • Średni wynik to 5 z 7
Statystyki odpowiedzi
Hint Odpowiedź % Poprawnych
Harry Potter i Insygnia Śmierci Hedwiga | Alastor Moody | Bathilda Bagshot | Peter Pettigrew | Zgredek | Fred Weasley | Remus Lupin | Nimfadora Lupin | Severus Snape | Nagini | Bellatriks Lestrange | Lord Voldemort |
96%
Harry Potter i Książę Półkrwi Igor Karkarow | Aragog | Albus Dumbledore
85%
Harry Potter i Zakon Feniksa Syriusz Black | Karkus | Pandora Lovegood | Ojciec Deana Thomasa
77%
Harry Potter i Czara Ognia Evan Rosier | Frank Bryce | Barty Crouch | Cedric Diggory
75%
Harry Potter i Kamień Filozoficzny Profesor Quirrell | Lily Potter | James Potter
71%
Harry Potter i Komnata Tajemnic Bazyliszek | Dziennik Toma Riddle'a | Jęcząca Marta
63%
Harry Potter i więzień Azkabanu 12 Mugoli | Gumochłony Hagrida
2%
Nie znaleziono quizów pasujących do podanych kryteriów
Rozkład punktacji
Procent ludzi z każdym wynikiem
Percentyl według liczby udzielonych odpowiedzi
Twoja historia wyników
Nie rozwiązałeś tego quizu